The word in celebration (Record no. 137716)

MARC details
000 -LEADER
fixed length control field 00508nam a22002057a 4500
003 - CONTROL NUMBER IDENTIFIER
control field OSt
005 - DATE AND TIME OF LATEST TRANSACTION
control field 20260120145620.0
008 - FIXED-LENGTH DATA ELEMENTS--GENERAL INFORMATION
fixed length control field 260120b |||||||| |||| 00| 0 eng d
020 ## - INTERNATIONAL STANDARD BOOK NUMBER
International Standard Book Number 978-81-905799-9-5
040 ## - CATALOGING SOURCE
Transcribing agency SBCL
082 ## - DEWEY DECIMAL CLASSIFICATION NUMBER
Classification number 264
Item number KAN-W
100 ## - MAIN ENTRY--PERSONAL NAME
Personal name Kaniarakath,George
245 ## - TITLE STATEMENT
Title The word in celebration
260 ## - PUBLICATION, DISTRIBUTION, ETC.
Place of publication, distribution, etc. Kottayam
Name of publisher, distributor, etc. Denha Services
Date of publication, distribution, etc. 2011
300 ## - PHYSICAL DESCRIPTION
Extent 147 p.
630 ## - SUBJECT ADDED ENTRY--UNIFORM TITLE
General subdivision Religion
650 ## - SUBJECT ADDED ENTRY--TOPICAL TERM
Topical term or geographic name entry element Social & ecclesiastical theology
650 ## - SUBJECT ADDED ENTRY--TOPICAL TERM
Topical term or geographic name entry element Public worship
942 ## - ADDED ENTRY ELEMENTS (KOHA)
Koha item type BOOK
Holdings
Withdrawn status Lost status Source of classification or shelving scheme Damaged status Use restrictions Not for loan Home library Current library Date acquired Total Checkouts Full call number Barcode Shelving location Date last seen Cost, replacement price Price effective from Koha item type
    Dewey Decimal Classification   RESTRICTED   SB LIBRARY SB LIBRARY 20/01/2026   264 KAN-W CC0269 CATHOLIC COLLECTION 20/01/2026 70.00 20/01/2026 BOOK

Powered by Koha